00763nam a2200205 a 450000100100000000500170001000800410002704000250006808200170009310000330011024501290014325000110027226000540028330000270033749000120036450400300037683000190040695201150042599900170054000004315020201002040657.0140203s1966 mx a 000 0 spa d aDO-SdBNPbspacBNPHU axxxxxbxxxxx1 aSilva Herzog, Jesús96992910aBreve Historia de la Revolución Méxicana :bla etapa constitucionalista y la lucha de facciones /cJesús Silva Hersog. a5a ed. aMéxico, :bFondo de cultura económica,c1966. a295p. :bil. ;c17 cm.1 aPopular aBibliografía p: 285-290 0aPopular913374 001050718MOaGRbGRcCTd2014-02-20iLF1l0oxxxxx xxxxxp43150-10r2020-06-25w2020-06-25y1ZNo se presta c42639d42639